Who directed this movie? - Statistics

General Stats
  • This quiz has been taken 18 times
  • The average score is 13 of 33
Answer Stats
Hint Answer % Correct
Jaws Steven Spielberg
85%
Batman Returns Tim Burton
69%
Rear Window Alfred Hitchcock
62%
Memento Christopher Nolan
62%
Gran Torino Clint Eastwood
62%
Black Swan Darren Aronofsky
62%
Jackie Brown Quentin Tarantino
62%
Fantastic Mr. Fox Wes Anderson
62%
Argo Ben Affleck
54%
Back to the Future Robert Zemeckis
54%
Chinatown Roman Polanski
54%
A Nightmare on Elm Street Wes Craven
54%
The Game David Fincher
46%
There Will Be Blood Paul Thomas Anderson
46%
Baby Driver Edgar Wright
38%
Barry Lyndon Stanley Kubrick
38%
Birdman Alejandro Gonzalez Inarritu
31%
The Green Mile Frank Darabont
31%
Mad Max George Miller
31%
Thelma and Louise Ridley Scott
31%
Rashomon Akira Kurosawa
23%
Carrie (1976) Brian de Palma
23%
Trainspotting Danny Boyle
23%
Cape Fear (1991) Martin Scorsese
23%
Apollo 13 Ron Howard
23%
Children of Men Alfonso Cuaron
15%
Good Morning Vietnam Barry Levinson
15%
La Strada Federico Fellini
15%
The Conversation Francis Ford Coppola
15%
They Live John Carpenter
15%
Scent of a Woman Martin Brest
15%
The Artist Michel Hazanavicius
15%
The Hunt Thomas Vinterberg
15%
No matching quizzes found
Score Distribution
Percent of People with Each Score
Percentile by Number Answered
Your Score History
You have not taken this quiz